| 000 | 00826nam a22002175i 4500 | ||
|---|---|---|---|
| 001 | 158373 | ||
| 003 | ES-MaACL | ||
| 005 | 20230906211121.0 | ||
| 008 | 940301s1887 sp |||| | spa d | ||
| 040 |
_aAS _bspa |
||
| 100 | 0 |
_aMacaulay, Thomas Babington Macaulay _cBaron. _975067 |
|
| 245 | 1 | 0 |
_aEstudios de política y literatura / _cpor Lord Macaulay ; traducción directa del inglés por M. Juderías Bénder. |
| 260 |
_aMadrid : _bLuis Navarro, _c1887 ( _fEstablecimiento Tipográfico "Sucesores de Rivadeneyra") |
||
| 300 |
_aVIII, 443 p. ; _c18 cm. |
||
| 490 | 1 |
_aBiblioteca clásica ; _v99 |
|
| 700 | 1 |
_aJuderías Bender, Mariano. _9128389 |
|
| 830 | 0 |
_aBiblioteca clásica ; _v99 _9180370 |
|
| 852 |
_aES-MaACL _jC-3065 _z-- Enc. hol. |
||
| 852 |
_aES-MaACL _jF-13133 _z-- Enc. tela |
||
| 999 |
_c158373 _d158373 |
||